Ethics and the limits of philosophy
Αποθηκεύτηκε σε:
| Κύριος συγγραφέας: | |
|---|---|
| Μορφή: | Βιβλίο |
| Γλώσσα: | English |
| Δημοσίευση: |
London :
Fontana Press,
1987.
|
| Θέματα: | |
| Ετικέτες: |
Προσθήκη ετικέτας
Δεν υπάρχουν, Καταχωρήστε ετικέτα πρώτοι!
|
MARC
| LEADER | 00000cam a2200000 i 4500 | ||
|---|---|---|---|
| 001 | 1/392 | ||
| 008 | 950703s1987 enk| ||| |||| ||eng|| | ||
| 020 | |a 000686001X | ||
| 035 | |l 10014063 | ||
| 040 | |a GR-MyUa |b gre |e AACR2 | ||
| 041 | 0 | |a eng | |
| 082 | 7 | |a 170 |2 (22) | |
| 100 | 1 | |a Williams, Bernard, |d 1929-2003. | |
| 245 | 1 | 0 | |a Ethics and the limits of philosophy / |c Bernard Williams. |
| 260 | |a London : |b Fontana Press, |c 1987. | ||
| 300 | |a 230 σ. ; |c 25 εκ. | ||
| 500 | |a Περιλαμβάνει ευρετήριο. | ||
| 650 | 0 | 0 | |a Ethics. |
| 852 | |a INST |b LESVOS |e 19950703 |h 170 WIL |p 005100008153 |q 005100008153 |t BK |y 0 | ||
| 922 | |a 1ΕΛΗ |b 1990 |c ΠΠ/105 | ||